Đạo mẫu và các hình thức Shaman trong các tộc người ở Việt Nam và Châu Á /
שמור ב:
| מחברים אחרים: | |
|---|---|
| פורמט: | Sách giấy |
| שפה: | Vietnamese |
| יצא לאור: |
H. :
Khoa học Xã hội,
2004
|
| נושאים: | |
| תגים: |
הוספת תג
אין תגיות, היה/י הראשונ/ה לתייג את הרשומה!
|
| Thư viện lưu trữ: | Thư viện Trường Đại học Đà Lạt |
|---|
| LEADER | 00829nam a2200301 4500 | ||
|---|---|---|---|
| 001 | DLU040029683 | ||
| 005 | ##20041111 | ||
| 040 | # | # | |a DLU |b vie |
| 041 | # | # | |a vie |
| 044 | # | # | |a vn |
| 082 | # | # | |a 299.592 |b Dao |
| 245 | # | # | |a Đạo mẫu và các hình thức Shaman trong các tộc người ở Việt Nam và Châu Á / |c Ngô Đức Thịnh chủ biên |
| 260 | # | # | |a H. : |b Khoa học Xã hội, |c 2004 |
| 300 | # | # | |a 791 tr. ; |c 24 cm |
| 650 | # | # | |a Saman giáo |z Châu Á. |
| 650 | # | # | |a Saman giáo |z Việt Nam. |
| 650 | # | # | |a Thánh mẫu |z Việt Nam. |
| 700 | # | # | |a Ngô Đức Thịnh |e chủ biên |
| 923 | # | # | |a 36/2004 |
| 992 | # | # | |a 120.000 |
| 994 | # | # | |a DLU |
| 900 | # | # | |a True |
| 911 | # | # | |a Đào Thị Thu Huyền |
| 925 | # | # | |a G |
| 926 | # | # | |a A |
| 927 | # | # | |a SH |
| 980 | # | # | |a Thư viện Trường Đại học Đà Lạt |